| 000 | 00598nam a22001577a 4500 | ||
|---|---|---|---|
| 003 | OSt | ||
| 005 | 20151101104045.0 | ||
| 008 | 151101b xxu||||| |||| 00| 0 eng d | ||
| 040 | _cRUA | ||
| 082 | _aFOR សេង 1990 B115 Or.1 | ||
| 100 |
_93125 _aសេង លីមេង |
||
| 245 | _aគំរោងបែបបទបច្ចេកទេសអាំជីវកម្មប្រចាំឆ្នាំ នៅអូរពោធិ បុស្សវែង ខេត្តព្រះវិហារ | ||
| 260 |
_aPhnom Penh _bRUA _c1990 |
||
| 300 |
_a140p. _bill. _c29cm. |
||
| 942 |
_2ddc _cFOR |
||
| 999 |
_c2914 _d2914 |
||